000 00241nam a2200109Ia 4500
008 220204s9999 xx 000 0 und d
082 _a82-3
_bSHA
100 _aShaw, Irwin
245 0 _aNightwork
260 _aLondon
_bPan
_c1976
942 _cBK
999 _c33888
_d33888